Geography Quiz

Random Geography or City Quiz

African countries by there capitals Quiz Stats

 Plays Quiz not verified by Sporcle

Score 0/53 Timer 10:00
0 Plays Today
Capital City Country % Correct
NairobiKenya
85.3%
AlgiersAlgeria
82.4%
TunisTunisia
79.4%
Cape Town South Africa
79.4%
ConakryGuinea
79.4%
DjiboutiDjibouti
79.4%
MogadishuSomalia
79.4%
TripoliLibya
79.4%
BissauGuinea-Bissau
76.5%
NiameyNiger
76.5%
AntananarivoMadagascar
73.5%
FreetownSierra Leone
73.5%
MaseruLesotho
73.5%
RabatMorocco
73.5%
AccraNigeria
70.6%
HarareZimbabwe
70.6%
MonroviaLiberia
70.6%
N'DjamenaChad
70.6%
BamakoMali
67.6%
Dar es SalaamTanzania
67.6%
JubaSouth Sudan
67.6%
KampalaUganda
67.6%
KigaliRwanda
67.6%
LilongweMalawi
67.6%
MbabaneSwaziland
67.6%
LusakaZambia
67.6%
AbujaEthiopia
64.7%
Capital City Country % Correct
DakarSenegal
64.7%
KhartoumSudan
64.7%
MalaboEquatorial guinea
64.7%
MaputoMozambique
64.7%
OuagadougouBurkina Faso
64.7%
YaoundéCameroon
64.7%
Addis Ababa Ghana
61.8%
BrazzavilleCongo
61.8%
KinshasaCongo
61.8%
LibrevilleGabon
61.8%
LuandaAngola
61.8%
MoroniComoros
61.8%
NouakchottMauritania
61.8%
Porto-NovoBenin
61.8%
WindhoekNamibia
61.8%
LoméTogo
58.8%
Port LouisMauritius
58.8%
AsmaraEritrea
55.9%
BanguiCentral Africa
55.9%
BanjulGambia
55.9%
GaboroneBotswana
55.9%
PraiaCape Verde
55.9%
VictoriaSeychelles
55.9%
BujumburaBurundi
52.9%
CairoEygpt
32.4%
YamoussoukroCôte d'Ivoire
8.8%

You're not logged in!

Compare scores with friends on all Sporcle quizzes.
OR
Log In

Sporcle TV

Today on Sporcle TV


Watch our educational content, quiz creation guides, and fun videos on Sporcle TV.

Show Comments

Extras

Top Quizzes Today


Score Distribution

Your Account Isn't Verified!

In order to create a playlist on Sporcle, you need to verify the email address you used during registration. Go to your Sporcle Settings to finish the process.

Report this User

Report this user for behavior that violates our Community Guidelines.

Details: